000 00798cam a2200229 4500
008 000000n2001 000 0 eng u
020 _a0854069976
035 _a(Sirsi) u105577
050 _a526.982
_c18
110 _aRoyal Institution of Chartered Surveyors
_94900
245 _aVertical aerial photography and derived digital imagery
_bclient specification guidelines
260 _aLondon
_bRICS
_c2001
300 _a30p.
_c30cm.
490 _aRICS Guidance Note
520 _aSupersedes 3rd ed. "Specification for vertical air photography" (ISBN 0854064281). Withdrawn November 2007.
520 _aSuperseded by fifth edition (ISBN 9781842196083).
650 _aAERIAL PHOTOGRAPHY
650 _aLAND SURVEYING
650 _aMAPS
690 _aMAPPING AND MEASUREMENT
942 _n0
999 _c100423
_d100423